ՀՀ Գիտությունների ազգային ակադեմիայի հիմնարար գիտական գրադարան  =   Fundamental Scientific Library of NAS RA

Հակածխախոտային քաղաքականության արդի հիմնախնդիրները Հայաստանում / (Record no. 148439)

MARC details
000 -LEADER
fixed length control field 01659nam a2200313 u 4500
001 - CONTROL NUMBER
control field 000391099
003 - CONTROL NUMBER IDENTIFIER
control field AM-YeHGA
005 - DATE AND TIME OF LATEST TRANSACTION
control field 20250617132301.0
008 - FIXED-LENGTH DATA ELEMENTS--GENERAL INFORMATION
fixed length control field 041203s2004 ai |||||r|||||000|0|arm|d
020 ## - INTERNATIONAL STANDARD BOOK NUMBER
International Standard Book Number 9993078581
040 ## - CATALOGING SOURCE
Original cataloging agency AM-YeHGA
041 0# - LANGUAGE CODE
Language code of text/sound track or separate title arm
090 ## - LOCALLY ASSIGNED LC-TYPE CALL NUMBER (OCLC); LOCAL CALL NUMBER (RLIN)
-- 149827
245 00 - TITLE STATEMENT
Title Հակածխախոտային քաղաքականության արդի հիմնախնդիրները Հայաստանում /
Statement of responsibility, etc. Ա. Բազարչյան, Զ. Դարբինյան, Ա. Դավիդյանց և ուրիշներ; Հանր. առողջ. հայկ. ալյանս.
260 ## - PUBLICATION, DISTRIBUTION, ETC.
Place of publication, distribution, etc. Երևան :
Name of publisher, distributor, etc. Ասողիկ
-- Հայաստանի ամերիկյան համալսարան,
Date of publication, distribution, etc. 2004.
300 ## - PHYSICAL DESCRIPTION
Extent 44 էջ :
Other physical details նկ., աղս. ;
Dimensions 24 սմ.
500 ## - GENERAL NOTE
General note Օգտագործած գրականության ցանկ, էջ՝ 43
650 14 - SUBJECT ADDED ENTRY--TOPICAL TERM
Topical term or geographic name entry element Հակածխախոտային քաղաքականություն
650 14 - SUBJECT ADDED ENTRY--TOPICAL TERM
Topical term or geographic name entry element Հիգիենա
General subdivision Առողջություն
650 14 - SUBJECT ADDED ENTRY--TOPICAL TERM
Topical term or geographic name entry element Ծխախոտի օգտագործելը, առողջության քայքայում
Form subdivision Կանխարգելում և հսկողություն
700 1# - ADDED ENTRY--PERSONAL NAME
Personal name Բազարչյան, Ա.
700 1# - ADDED ENTRY--PERSONAL NAME
Personal name Դարբինյան, Զ.
700 1# - ADDED ENTRY--PERSONAL NAME
Personal name Մարգարյանց, Հ.
700 1# - ADDED ENTRY--PERSONAL NAME
Personal name Մովսիսյան, Ն.
710 2# - ADDED ENTRY--CORPORATE NAME
Corporate name or jurisdiction name as entry element Բաց հասարակության ինստիտուտի օժանդակության հիմնադրամ
710 2# - ADDED ENTRY--CORPORATE NAME
Corporate name or jurisdiction name as entry element Հայաստանի ամերիկյան համալսարաի հիմնադրամ
710 2# - ADDED ENTRY--CORPORATE NAME
Corporate name or jurisdiction name as entry element Հանրային առողջության հայկական միավորում
710 2# - ADDED ENTRY--CORPORATE NAME
Corporate name or jurisdiction name as entry element Հասարակական առողջապահության հայկական ասոցիացիա
Holdings
Withdrawn status Lost status Damaged status Not for loan Collection Home library Current library Date acquired Total checkouts Full call number Barcode Date last seen Price effective from Koha item type Public note
        General Fundamental Scientific Library Fundamental Scientific Library 28/12/2016   AII/90732 220090732 28/12/2016 28/12/2016 Գրքեր / Books 30 Days Loan


ՀՀ ԳԱԱ հիմնարար գիտական գրադարան
ՀՀ,Երևան 0019
Մարշալ Բաղրամյան 24/6
հեռախոս:(374-10) 52-47-50
Հետադարձ կապ

All site content, except where otherwise noted, is licensed under a
Creative Commons License